000 00665nam a2200253Ia 4500
003 OSt
005 20221005121606.0
006 a|||||r|||| 00| 0
007 ta
008 221004b |||||||| |||| 00| 0 eng d
024 _a36130
037 _cTextual
040 _aCRL
_cCRL
_beng
041 _2eng
_aeng
082 _aN8495vN, L0
110 _aMinistry of culture and information (Korea)
_9630829
245 0 _aHistory of Korean music
260 _c1970
650 _a ARTS
650 _aMUSIC
_917402
700 _aMinistry of culture and information (Korea)
_9630830
942 _hN8495vN, L0
_cTEXL
_2cc
999 _c1041650
_d1041650